มุมมองปกติ
มุมมองแบบ MARC
- Cyberbullying
รายการ Topical Term
001 - CONTROL NUMBER
- control field: 30138
003 - CONTROL NUMBER IDENTIFIER
- control field: NALT
005 - DATE AND TIME OF LATEST TRANSACTION
- control field: 20180810083840.0
008 - FIXED-LENGTH DATA ELEMENTS
- fixed length control field: 180810|| aca||babn | a|a d
040 ## - CATALOGING SOURCE
- Original cataloging agency: NALT
150 ## - HEADING--TOPICAL TERM
- Topical term or geographic name entry element: Cyberbullying
- General subdivision: Law and legislation
- Geographic subdivision: United States
